| 000 | 00479cam a22001457a 4500 | ||
|---|---|---|---|
| 008 | 180718b1952 xxu||||| |||| 00| 0 eng d | ||
| 082 | _aL2312 Am35a | ||
| 245 |
_aAppraisal of real estate _cby American Institute of Real Estate Appraisers |
||
| 250 | _a2nd ed. | ||
| 260 |
_aChicago _bAmerican Institute of Real Estate Appraisers _c1952 |
||
| 300 | _aviii,512p. | ||
| 500 | _a$8.50 | ||
| 650 | _aReal Property - Valuation | ||
| 700 | _aAmerican Institute of Real Estate Appraisers | ||
| 999 |
_c477881 _d477881 |
||